000 00720nam a2200217Ii 4500
003 JO-AjNU
008 230605s9999||||xx |||||||||||||| ||und||
017 _a2008/8/2826
040 _aJO-AjNU
_bara
_erda
_cJO-AjNU
041 _aara
050 1 4 _aBP130.73.A22 2009
100 3 _aعباس، فضل حسن، م.مشارك سناء فضل عباس,
_eauthor
_943293
245 0 0 _aإعجاز القرآن الكريم
250 _aط7
264 3 1 _aعمان: دار النفائس للنشر والتوزيع، 2009
300 _a368ص
336 _atext
_btxt
_2rdacontent
337 _aunmediated
_bn
_2rdamedia
338 _avolume
_bnc
_2rdacarrier
650 4 _aالقران الكريم - الاعجاز
_943294
999 _aA18602
_c22170
_d22170